000 07237cam a2201429 a 4500
999 _c56464
001 10415145
003 LIBRIS
005 20210311112453.0
008 070419s2007 sw |||||||||||000 0bswe|
020 _a9789100113414
_qinb.
035 _a(Bo)403498
035 _a(Mo)b1664923
040 _aLGEN
_dNB
_ea
041 _aswe
082 0 4 _a792.028092
_223/swe
084 _aF81
_2fiaf/2
084 _aIjz Taube, Sven-Bertil
_2kssb/8
084 _aIkz Taube, Sven-Bertil
_2kssb/8
084 _aIjz Taube, Sven-Bertil
_2kssb/8
084 _aIkz Taube, Sven-Bertil
_2kssb/8
084 _aLz Taube, Sven-Bertil
_2kssb/8
100 1 _aTaube, Sven-Bertil,
_d1934-
_4ive
_0https://libris.kb.se/0xbdgtqj08dwf7z#it
245 1 0 _aOrd och många visor /
_cSven-Bertil Taube ; berättat för Petter Karlsson : bildredaktör: Jacob Forsell.
264 1 _aStockholm :
_bBonnier,
_c2007
264 3 _aVärnamo :
_bFälth & Hässler
300 _a318, [1] s.
_bill. (vissa i färg)
_c24 cm
500 _a2. tr., 2007
500 _5Li
_aPliktex.
500 _5Mo
_asvenska
500 _5S
_aTryckningar finns
600 1 4 _aTaube, Sven-Bertil,
_d1934-
_0https://libris.kb.se/0xbdgtqj08dwf7z#it
600 1 4 _aTaube, Sven-Bertil,
_d1934-
650 7 _aVissångare
_zSverige
_y1900-talet
_ySekelskiftet 2000
_2sao
650 7 _aSkådespelare
_zSverige
_y1900-talet
_ySekelskiftet 2000
_2sao
650 7 _aSkådespelare
_2sfit
650 7 _aSångare
_2sfit
650 7 _aSjälvbiografier
_2sfit
650 7 _aVissångare
_zSverige
_y1900-talet
_ysekelskiftet 2000
_vbiografi
_2sao
650 7 _aSkådespelare
_zSverige
_y1900-talet
_ysekelskiftet 2000
_vbiografi
_2sao
655 7 _aBiografi
_0https://id.kb.se/term/saogf/Biografi
_2saogf
655 4 _5Mo
_aBok
700 1 _aKarlsson, Petter,
_d1960-
_4ivr
_0https://libris.kb.se/vs689jwd579667c#it
700 1 _aForsell, Jacob,
_d1942-
_4edt
_0https://libris.kb.se/pm1335772nbjtlp#it
856 4 _uhttp://194.68.4.214/bilder/b/9100113417.jpg
_zOmslagsbild
887 _a{"@id":"5ngg07vh0d78m0h","modified":"2019-06-12T17:36:01.03+02:00","checksum":"40254311259"}
_2librisxl
887 _a{"@id":"chpcggqj4kjtnbl","modified":"2014-08-25T12:11:49+02:00","checksum":"178433575013"}
_2librisxl
887 _a{"@id":"jnwskw4p58k29ws","modified":"2016-01-25T12:09:30+01:00","checksum":"157763556876"}
_2librisxl
887 _a{"@id":"15c0gqd61ldjsvm","modified":"2014-04-01T13:36:12+02:00","checksum":"188351923556"}
_2librisxl
887 _a{"@id":"w174wdj24gnl7l1","modified":"2007-10-29T14:04:46+01:00","checksum":"100010400599"}
_2librisxl
887 _a{"@id":"59hgmhzb1tv94f4","modified":"2008-08-25T10:05:48+02:00","checksum":"182606532541"}
_2librisxl
887 _a{"@id":"bppw4f4q865r9kv2","modified":"2020-11-27T10:38:38.848+01:00","checksum":"182612971970"}
_2librisxl
887 _a{"@id":"26d9xzc73gdf3sx","modified":"2017-02-08T11:40:17+01:00","checksum":"193731013598"}
_2librisxl
887 _a{"@id":"26dsbq975ljd6c3","modified":"2012-04-03T10:01:11+02:00","checksum":"202557835854"}
_2librisxl
887 _a{"@id":"37fbppv851fkn81","modified":"2016-03-07T10:02:10+01:00","checksum":"67278885106"}
_2librisxl
887 _a{"@id":"fkrnh6cl129wrpt","modified":"2007-11-06T10:17:30+01:00","checksum":"93552740851"}
_2librisxl
887 _a{"@id":"kpww5hpq0rn6qhw","modified":"2009-01-19T11:44:45+01:00","checksum":"91522594445"}
_2librisxl
887 _a{"@id":"glspgjsm5vgp58d","modified":"2014-12-09T15:47:22+01:00","checksum":"164382768384"}
_2librisxl
887 _a{"@id":"x293mgj31p054sb","modified":"2015-06-22T10:41:22+02:00","checksum":"142385620596"}
_2librisxl
887 _a{"@id":"tz55klx05fskjg4","modified":"2009-02-23T10:52:36+01:00","checksum":"155933188468"}
_2librisxl
887 _a{"@id":"sx41lh6z57tsmw5","modified":"2007-10-01T15:12:16+02:00","checksum":"175942705460"}
_2librisxl
887 _a{"@id":"jnvr5h4p1smtkcq","modified":"2008-01-03T13:31:35+01:00","checksum":"153543853947"}
_2librisxl
887 _a{"@id":"hmtqlf5n1ndb8nd","modified":"2007-11-19T16:52:43+01:00","checksum":"84068816819"}
_2librisxl
887 _a{"@id":"hmtq6mdn5606r33","modified":"2007-09-24T15:53:52+02:00","checksum":"66240276428"}
_2librisxl
887 _a{"@id":"sx41khwz16jjndq","modified":"2007-10-01T10:20:04+02:00","checksum":"140693693748"}
_2librisxl
887 _a{"@id":"lqx1ssfr52lvhr0","modified":"2013-07-31T12:26:38+02:00","checksum":"151035156901"}
_2librisxl
887 _a{"@id":"mr06zpms1fv1r96","modified":"2017-03-24T15:05:43+01:00","checksum":"108917439405"}
_2librisxl
887 _a{"@id":"7ckl3x2d3t3rwvs","modified":"2009-07-07T14:03:36+02:00","checksum":"58761043213"}
_2librisxl
887 _a{"@id":"lqxt9bwr43ljnjj","modified":"2010-02-12T17:20:07+01:00","checksum":"153181914332"}
_2librisxl
900 1 s _6700
_d1942-
_uForsell, Jacob,
_d1942-
942 _2z
_cBOOK